State Capital Airport Codes - Statistics

General Stats
  • This quiz has been taken 13 times
  • The average score is 22 of 49
Answer Stats
Hint Answer % Correct
ATL Atlanta, GA
91%
BOS Boston, MA
91%
AUG Augusta, ME
82%
DEN Denver, CO
82%
HNL Honolulu, HI
82%
IND Indianapolis, IN
82%
ALB Albany, NY
73%
AUS Austin, TX
73%
BOI Boise, ID
73%
JNU Juneau, AK
73%
HLN Helena, MT
64%
JEF Jefferson City, MO
64%
BTR Baton Rouge, LA
55%
DSM Des Moines, IA
55%
JAN Jackson, MS
55%
LIT Little Rock, AR
55%
PHX Phoenix, AZ
55%
SLC Salt Lake City, UT
55%
ANP Annapolis, MD
45%
BIS Bismark, ND
45%
FFT Frankfort, KY
45%
HFD Hartford, CT
45%
LAN Lansing, MI
45%
BNA Nashville, TN
45%
OKC Oklahoma City, OK
45%
PVD Providence, RI
45%
RIC Richmond, VA
45%
SLE Salem, OR
45%
LNK Lincoln, NE
36%
RDU Raleigh, NC
36%
SPI Springfield, IL
36%
TLH Tallahassee, FL
36%
CRW Charleston, WV
27%
CAE Columbia, SC
27%
CMH Columbus, OH
27%
CON Concord, NH
27%
MGM Montgomery, AL
27%
OLM Olympia, WA
27%
PIR Pierre, SD
27%
SMF Sacramento, CA
27%
MSP Saint Paul, MN
27%
SAF Santa Fe, NM
27%
CXP Carson City, NV
18%
CYS Cheyenne, WY
18%
MSN Madison, WI
18%
FOE Topeka, KS
18%
MDT Harrisburg, PA
9%
MPV Montpelier, VT
9%
TTN Trenton, NJ
9%
No matching quizzes found
Score Distribution
Percent of People with Each Score
Percentile by Number Answered
Your Score History
You have not taken this quiz